000 00424nam a22001811a 4500
020 _a9788170816188
082 _a294.592 1
_bSHR/V
100 _aShri Ram Verma
245 _aVedas :
_b the source of ultimate science/
_cby Shri Ram Verma
260 _aDelhi:
_bNag,
_c2005.
300 _a468p.
650 _aVedic Literature
650 _aHinduism
650 _aReligion
942 _cBK
942 _cBK
942 _cBK
999 _c49424
_d49424